000 00330nam a2200121Ia 4500
008 230205s9999 xx 000 0 und d
022 _a1448-837X
082 _a105.23
245 0 _aAustralian Journal Of Electrical & Electronics Engineering
260 _bEngineers Media ,NSW,1585
_aIndia
_c2005
650 _aECE & EE
942 _cJ
999 _c19741
_d19741